| 000 -LEADER |
| fixed length control field |
00446pab a2200169 454500 |
| 008 - FIXED-LENGTH DATA ELEMENTS--GENERAL INFORMATION |
| fixed length control field |
180718b2001 xxu||||| |||| 00| 0 eng d |
| 100 ## - MAIN ENTRY--PERSONAL NAME |
| Personal name |
Mehta, Aasha Kapur |
| 245 ## - TITLE STATEMENT |
| Title |
Parliamentary debate on the Golden Jubilee of Independence: equity and social justice |
| 260 ## - PUBLICATION, DISTRIBUTION, ETC. |
| Date of publication, distribution, etc. |
2001 |
| 362 ## - DATES OF PUBLICATION AND/OR SEQUENTIAL DESIGNATION |
| Dates of publication and/or sequential designation |
Aug 18 |
| 650 ## - SUBJECT ADDED ENTRY--TOPICAL TERM |
| Topical term or geographic name entry element |
Social justice |
| 700 ## - ADDED ENTRY--PERSONAL NAME |
| Personal name |
Arora, Dolly |
| 700 ## - ADDED ENTRY--PERSONAL NAME |
| Personal name |
Kabra, K.N. |
| 773 ## - HOST ITEM ENTRY |
| Main entry heading |
Mainstream |
| 908 ## - PUT COMMAND PARAMETER (RLIN) |
| Put command parameter |
N |
| 909 ## - |
| -- |
107039 |